| 000 | 00493nam a22001697a 4500 | ||
|---|---|---|---|
| 999 |
_c62267 _d62267 |
||
| 005 | 20240909134857.0 | ||
| 008 | 240909c2014 enk||||| |||| 00| 0 eng d | ||
| 022 | _a0017 8322 | ||
| 041 | _aeng | ||
| 245 |
_aHastings Law Journal : _b2014 / _cEditor B. Buchwalter. |
||
| 260 |
_aCalifornia, _c2014. |
||
| 300 | _aV. | ||
| 653 | _aსამართალი | | ||
| 653 | _a პერიოდიკა | ||
| 700 |
_aBuchwalter, B. _eრედაქტორი _923190 |
||
| 942 |
_2udc _cCR |
||